Responses for Show #2138 - Wednesday, December 15, 1993

Contestants

[<< previous game]

Mike Burdette, an energy analyst from Mount Airy, Maryland

Liz Lockerby, a registered nurse from Basking Ridge, New Jersey

Sandy Silk, a certified financial planner originally from Fall River, Massachusetts (whose 1-day cash winnings total $11,001)

[next game >>]

Jeopardy! Round responses

THE 1960s
MOVIES
GUINNESS RECORDS
NATURE
POTENT POTABLES
WORDPLAY
    $100 6
Lee Harvey Oswald

Liz
    $100 11
Bill Murray

Mike
    $100 26
a glacier

Mike
    $100 21
a koala

Sandy
    $100 16
rum

Mike
    $100 1
piggyback

Liz
    $200 7
Alaska

Mike
    $200 12
Errol Flynn

Liz
    $200 27
Beijing

Sandy
    $200 22
an eye

Sandy
    $200 17
vodka

Sandy
    $200 2
a tongue twister

Liz
    $300 8
Czechoslovakia

Mike
    $300 13
The Maltese Falcon

Mike
    $300 28
Disneyland

Liz
    $300 23
wings

Sandy
    $300 18
lager

Sandy
    $300 3
Scrabble

Liz
    $400 9
Chiang Kai-shek

Liz
    $400 14
Woody Allen

Triple Stumper
    $400 29
an elevator

Mike
    $400 24
(Liz: What is silk?)

cotton

Liz
Triple Stumper
    $400 19
a spritzer

Mike
    $400 4
slithy

Mike
    $1,100 10
(Liz: What is France?)

Iraq

Liz
    $500 15
The Sunshine Boys

Mike
    $500 30
Pontiac

Sandy
    $500 25
a diamond

Liz
    $500 20
Blue Curacao

Mike
    $500 5
horseplay

Mike

Scores at the first commercial break (after clue 15):

Sandy Liz Mike
$0 $200 $2,300

Scores at the end of the Jeopardy! Round:

Sandy Liz Mike
$1,800 $600 $3,800

Double Jeopardy! Round responses

U.S. CITIES
VITAMINS & MINERALS
DANCE
RUSSIAN RULERS
ARCHITECTURE
VICTORIAN LITERATURE
    $200 2
San Diego

Mike
    $200 21
vitamin D

Sandy
    $200 12
English

Mike
    $200 1
Catherine the Great

Sandy
    $200 7
Frank Lloyd Wright

Liz
    $200 26
Heathcliff

Sandy
    $400 3
Memphis

Liz
    $400 22
iron

Sandy
    $400 13
India

Sandy
    $400 8
(Sandy: Who was Trotsky?)

Lenin

SandyMike
    $400 17
the Acropolis

Sandy
    $400 27
Tess of the d'Urbervilles

Liz
    $600 4
the Gideon Bible

Sandy
    $600 23
potassium

Mike
    $600 14
the monkey

Sandy
    $600 9
Peter the Great

Liz
    $600 18
(Sandy: What is Helsinki?)

New York

SandyMike
    $600 28
Thackeray

Sandy
    $800 5
West Virginia

Mike
    $800 24
(Sandy: What is vitamin K?)

E

SandyLiz
    $800 15
the waltz

Sandy
    $800 10
Brezhnev

Liz
    $800 19
Boston

Mike
    $800 29
(Liz: Who was Gladstone?)

Disraeli

LizMike
    $1000 6
Poughkeepsie

Sandy
    $2,000 25
niacin

Liz
    $1000 16
the tarantella

Sandy
    $1000 11
Ivan the Terrible

Triple Stumper
    $1000 20
Buckminster Fuller

Sandy
    $500 30
(1 of) Alfred, Lord Tennyson, Southey, Wordsworth or Alfred Austin

Mike

Scores at the end of the Double Jeopardy! Round:

Sandy Liz Mike
$7,400 $5,000 $8,700

[wagering suggestions for these scores]

Final Jeopardy! Round responses

WOMEN ARTISTS
LizWho was
$5,000
SandyWho is O'Keef
$2,601
MikeWho is
$6,101
Frida Kahlo

Final scores:

Sandy Liz Mike
$4,799 $0 $2,599
2-day champion: $15,800 3rd place: Samsung camcorder + Wheel of Fortune & Jeopardy! games for Super Nintendo & Sega Genesis 2nd place: Singer dining room set + Pfaltzgraff bone china set

Game dynamics:

Coryat scores:

Sandy Liz Mike
$7,400 $5,100 $9,200
20 R,
3 W
15 R
(including 1 DD),
3 W
(including 1 DD)
21 R
(including 1 DD),
0 W

Combined Coryat: $21,700

[game clues] [game scores] [suggest correction]

Game tape date: 1993-09-13
The J! Archive is created by fans, for fans. Scraping, republication, monetization, and malicious use prohibited; this site may use cookies and collect identifying information. See terms. The Jeopardy! game show and all elements thereof, including but not limited to copyright and trademark thereto, are the property of Jeopardy Productions, Inc. and are protected under law. This website is not affiliated with, sponsored by, or operated by Jeopardy Productions, Inc. Join the discussion at JBoard.tv.